00980cam a22002415i 45000010009000000050017000090080041000260100015000670200018000820200015001000400054001150820020001691000033001892450133002222600067003553000042004226500020004646530025004846550024005099420020005339990017005539520168005701816058120141112134807.0140522t2013 xxuak fr 000 0 eng d a2012276305 a9780124173194 a0124173195 aBTCTAbengcBTCTAdYDXCPdIADdCUIdDLCdEG-ScBUE00222a005.74bLOS1 aLoshin, David,d1963-93650110aBig data analytics :bfrom strategic planning to enterprise integration with tools, techniques, NoSQL and graph /cDavid Loshin. aWaltham, United States :bMorgan Kaufmann,bElsevier,cc.2013. axx, 120 p. :bforms, tables ;c23 cm. 0aBig data936502 bCOMSCIcNovember2014 vreading book934232 2ddck005.74 LOS c18605d18577 00102ddc40708BaccahaMAINbMAINcLOWd2014-11-12epurchaseg147.00h20677l2m6o005.74 LOSp000036985q2019-11-28r2016-09-01 00:00:00s2016-09-01v183.75yBB